Diáspora salvadoreña: identidades y mapas culturales en el ciberespacio /
Сохранить в:
| Главный автор: | |
|---|---|
| Формат: | Текст |
| Предметы: | |
| Метки: |
Добавить метку
Нет меток, Требуется 1-ая метка записи!
|
MARC
| LEADER | 00000 a a2200000 04500 | ||
|---|---|---|---|
| 001 | 6949 | ||
| 003 | |||
| 040 | |||
| 100 | |a Benítez, José Luis | ||
| 245 | |a Diáspora salvadoreña: |b identidades y mapas culturales en el ciberespacio / |c José Luis Benítez | ||
| 650 | |a MEDIOS DE COMUNICACION | ||
| 650 | |a INTERNET | ||
| 650 | |a MIGRACION | ||
| 650 | |a EL SALVADOR | ||
| 773 | |g volumen 40, número 80; páginas 46-56 | ||
| 999 | |c 38945 |d 38945 | ||
